| 000 | 01027cam a22002054a 4500 | ||
|---|---|---|---|
| 005 | 20250801092602.0 | ||
| 008 | 250528s ||||||||||||||||||||||||d | ||
| 035 | _a17375 | ||
| 020 | _a75062342 | ||
| 040 |
_aGR-AtMCL _bgre _dGR-AtMCL _eAACR2 |
||
| 245 | 1 | _aThe Economics of Leisure and Tourism / Environments, Markets and Impacts | |
| 250 | _a1st | ||
| 260 |
_bButterworth Heinemann, _c1995 |
||
| 300 | _a294 | ||
| 520 | _aThis book tackles issues that will affect the sector into the next century including globalization, virtual leisure, and the grey and green revolutions. Preface, Acknowledgements, Organizations and Markets in Leisure and Tourism, Leisure and Tourism Organizations and the External Environment, Investing in Leisure and Tourism, Leisure and Tourism Impacts on the National Economy, International Aspects of Leisure and Tourism, Leisure and Tourism and Environmental Issues, Integrated Case Studies, Index. | ||
| 700 | 1 |
_aTribe, John _93532 |
|
| 942 | _cBK | ||
| 999 |
_c2798 _d2798 |
||